LEADER 00855nam0 2200277 450 001 000015578 005 20080826164023.0 100 $a20080826d1964----km-y0itay50------ba 101 0 $aita 102 $aIT 105 $ay-------001yy 200 1 $a<>problema della responsabilità civile$fStefano Rodotà 210 $aMilano$cA. Giuffrè$d1964 215 $a210 p.$d26 cm 225 2 $aStudi di diritto civile$v1 410 0$12001$aStudi di diritto civile 610 1 $aResponsabilita civile 676 $a347$v16 676 $a346.4502$v19$9Contratti e rappresentanza. Italia 676 $a368.572$v19 700 1$aRodotà,$bStefano$0166939 801 0$aIT$bUNIPARTHENOPE$c20080826$gRICA$2UNIMARC 912 $a000015578 951 $a368.572/100$b16339$cNAVA1$d2008 996 $aProblema della responsabilità civile$9612509 997 $aUNIPARTHENOPE LEADER 00915nam0 2200265 450 001 000001393 005 20081110144906.0 100 $a20000511d1976----km-y0itay50------ba 101 0 $aita 102 $aIT 200 1 $aAlgebra lineare e serie di funzioni ortonormali$econ applicazioni alla fisica, al calcolo numerico ed alla biologia$fGuido Fano$gcon il contributo di Franco Corsini 210 $aBologna$cZanichelli$d1976 215 $aVIII, 197 p.$d24 cm 500 10$aAlgebra lineare e serie di funzioni ortonormali$951605 610 1 $aAlgebra 610 1 $aAnalisi matematica 676 $a512 700 1$aFano,$bGuido$0732 702 1$aCorsini,$bFranco 801 0$aIT$bUNIPARTHENOPE$gRICA$2UNIMARC 912 $a000001393 951 $cPIST$aP1 512-A/6$b19435$d20000519 951 $aM 512.5/2$bM 131$cDSA$d2008 996 $aAlgebra lineare e serie di funzioni ortonormali$951605 997 $aUNIPARTHENOPE LEADER 02118nam 2200589 450 001 9910786501803321 005 20200520144314.0 010 $a1-68015-390-0 010 $a1-84995-116-0 035 $a(CKB)3710000000216521 035 $a(EBL)3417315 035 $a(SSID)ssj0001468209 035 $a(PQKBManifestationID)11884025 035 $a(PQKBTitleCode)TC0001468209 035 $a(PQKBWorkID)11524616 035 $a(PQKB)11540990 035 $a(MiAaPQ)EBC3417315 035 $a(Au-PeEL)EBL3417315 035 $a(CaPaEBR)ebr10904610 035 $a(CaONFJC)MIL876146 035 $a(OCoLC)889304526 035 $a(PPN)203368053 035 $a(EXLCZ)993710000000216521 100 $a20140810h20142014 uy 0 101 0 $aeng 135 $aur|n|---||||| 181 $ctxt 182 $cc 183 $acr 200 10$aDesign of liquid retaining concrete structures /$fJ. P. Forth and A. J. Martin 205 $aThird edition. 210 1$aCaithness, Scotland :$cWhittles Publishing,$d2014. 210 4$d©2014 215 $a1 online resource (224 p.) 300 $aDescription based upon print version of record. 311 $a1-84995-052-0 320 $aIncludes bibliographical references and index. 327 $a""Title page ""; ""Table of content ""; ""Preface ""; ""1 Introduction ""; ""2 Basis of design and materials ""; ""3 Design of reinforced concrete""; ""4 Design of prestressed concrete ""; ""5 Distribution reinforcement and joints ""; ""6 Design calculations ""; ""7 Testing and rectification ""; ""8 Vapour exclusion ""; ""References ""; ""Index "" 606 $aConcrete tanks$xDesign and construction 606 $aReinforced concrete construction 615 0$aConcrete tanks$xDesign and construction. 615 0$aReinforced concrete construction. 676 $a628.13 700 $aForth$b J. P.$01492294 702 $aMartin$b A. J. 801 0$bMiAaPQ 801 1$bMiAaPQ 801 2$bMiAaPQ 906 $aBOOK 912 $a9910786501803321 996 $aDesign of liquid retaining concrete structures$93714711 997 $aUNINA